MARC

LEADER 00000nam0a2200000 4500
001 50741
005 20231031033527.0
035 |a (RuTPU)RU\TPU\book\53122 
090 |a 50741 
100 |a 20030418d1974 k y0rusy50 ca 
101 0 |a rus 
102 |a RU 
105 |a a z 001zy 
200 1 |a Парогазовые установки  |e Конструкции и расчеты  |f А. А. Канаев, М. И. Корнеев 
210 |a Ленинград  |c Машиностроение  |d 1974 
215 |a 240 с.  |c ил. 
320 |a Библиогр.: с. 232-238. 
610 1 |a теплотехника 
610 1 |a парогазовые установки 
610 1 |a конструкции 
610 1 |a расчеты 
610 1 |a тепловые схемы 
610 1 |a рабочие процессы 
610 1 |a парогенераторы 
610 1 |a парогенераторные установки 
610 1 |a эксплуатация 
675 |a 621.18  |v 3 
700 1 |a Канаев  |b А. А.  |g Андрей Андреевич 
701 1 |a Корнеев  |b М. И.  |g Михаил Иванович 
801 1 |a RU  |b 63413507  |c 20030418  |g PSBO 
801 2 |a RU  |b 63413507  |c 20030424  |g PSBO 
801 2 |a RU  |b 63413507  |c 20111026  |g PSBO 
942 |c BK